[Event "Caracas Gus Cup 2nd"]
[Site "Caracas"]
[Date "2022.08.25"]
[Round "4"]
[White "Ramirez Gonzalez, Angel David"]
[Black "Suarez, Richard"]
[Result "1/2-1/2"]
[WhiteElo "1846"]
[BlackElo "2037"]
[PlyCount "73"]
[EventDate "2022.08.24"]
[EventType "tourn"]
[EventRounds "7"]
[EventCountry "VEN"]
[SourceTitle "EXT 2024"]
[Source "ChessBase"]
[SourceDate "2023.10.10"]
[SourceVersion "1"]
[SourceVersionDate "2023.10.10"]
[SourceQuality "1"]

1. e4 e5 2. Nf3 Nc6 3. Bc4 Nf6 4. d3 Bc5 5. Nc3 a6 6. a3 d6 7. h3 Be6 8. Nd5 h6 9. Be3 Ba7 10. Bxa7 Rxa7 11. Qe2 Bxd5 12. Bxd5 Nxd5 13. exd5 Ne7 14. c4 0-0 15. 0-0 Ng6 16. d4 f6 17. g3 Qd7 18. Kg2 Raa8 19. dxe5 fxe5 20. Qe4 Rf6 21. Nh4 Nxh4+ 22. Qxh4 Raf8 23. f3 Qf7 24. Qe4 g5 25. Rf2 h5 26. Raf1 h4 27. g4 Rf4 28. Qd3 Kg7 29. Qe3 Kh6 30. b3 b6 31. Rd2 a5 32. a4 e4 33. Rdf2 Qe7 34. fxe4 Rxe4 35. Rf6+ Rxf6 36. Rxf6+ Qxf6 37. Qxe4 1/2-1/2

[Event "Del Sur U2400 Hybrid op 5th"]
[Site "Tornelo INT"]
[Date "2022.01.21"]
[Round "1"]
[White "Amezcua Luria, Jesus"]
[Black "Ramirez Gonzalez, Angel David"]
[Result "1-0"]
[WhiteElo "2001"]
[BlackElo "1768"]
[PlyCount "71"]
[EventDate "2022.01.21"]
[EventType "swiss"]
[EventRounds "6"]
[EventCountry "VEN"]
[SourceTitle "EXT 2023"]
[Source "ChessBase"]
[SourceDate "2022.10.05"]
[SourceVersion "1"]
[SourceVersionDate "2022.10.05"]
[SourceQuality "1"]

1. d4 d5 2. c4 e6 3. Nc3 f5 4. g3 Nf6 5. Bg2 c6 6. Nf3 Bd6 7. 0-0 0-0 8. b3 Ne4 9. Bb2 Nd7 10. Qd3 Qe7 11. e3 Ndf6 12. Ne2 Bd7 13. Ne5 Ba3 14. Rab1 Bxb2 15. Rxb2 Be8 16. c5 Nd7 17. b4 g5 18. f3 Nef6 19. Nc3 Bg6 20. Qd2 Nh5 21. Nxg6 hxg6 22. b5 Rfb8 23. Rfb1 Qd8 24. Bf1 Qc7 25. Bh3 b6 26. e4 bxc5 27. Qxg5 cxd4 28. Qxg6+ Ng7 29. Ne2 Ne5 30. Qh6 Nxf3+ 31. Kg2 dxe4 32. Nf4 Qe7 33. bxc6 Rxb2+ 34. Rxb2 Qg5 35. Qxg5 Nxg5 36. c7 1-0

[Event "Pan American-ch School U15"]
[Site "Medellin"]
[Date "2019.11.17"]
[Round "9"]
[White "Ramirez Gonzalez, Angel David"]
[Black "Campos Perilla, Felix Santiago"]
[Result "1-0"]
[WhiteElo "1882"]
[BlackElo "1492"]
[PlyCount "66"]
[EventDate "2019.11.12"]
[EventType "swiss"]
[EventRounds "9"]
[EventCountry "COL"]
[SourceTitle "CBM 193 Extra"]
[Source "ChessBase"]
[SourceDate "2020.01.31"]
[SourceVersion "1"]
[SourceVersionDate "2020.01.31"]
[SourceQuality "1"]

1. e4 e5 2. d4 exd4 3. Nf3 Nc6 4. Bc4 Bc5 5. c3 d6 6. cxd4 Bb6 7. Nc3 Nf6 8. Bg5 h6 9. Bh4 Bg4 10. d5 Ne5 11. Bb5+ c6 12. Be2 0-0 13. Nxe5 Bxe2 14. Nxc6 Bxd1 15. Nxd8 Bxd8 16. Rxd1 Nxe4 17. Nxe4 Re8 18. 0-0 Rxe4 19. Bg3 Bb6 20. Bxd6 Rd8 21. Ba3 Rd4 22. Rxd4 Bxd4 23. d6 b6 24. Rd1 Bc5 25. Bxc5 bxc5 26. Kf1 Kf8 27. Rd5 g5 28. Ke2 Ke8 29. Kd3 Kd7 30. Kc4 Kc6 31. Rxc5+ Kxd6 32. Rd5+ Ke7 33. Rxd8 Kxd8 1-0

[Event "Pan American-ch School U15"]
[Site "Medellin"]
[Date "2019.11.12"]
[Round "2"]
[White "Ramirez Gonzalez, Angel David"]
[Black "Garcia Ibarra, Nahin"]
[Result "0-1"]
[WhiteElo "1882"]
[BlackElo "1589"]
[PlyCount "98"]
[EventDate "2019.11.12"]
[EventType "swiss"]
[EventRounds "9"]
[EventCountry "COL"]
[SourceTitle "CBM 193 Extra"]
[Source "ChessBase"]
[SourceDate "2020.01.31"]
[SourceVersion "1"]
[SourceVersionDate "2020.01.31"]
[SourceQuality "1"]

1. e4 c5 2. c3 e6 3. d4 cxd4 4. cxd4 d5 5. e5 Nc6 6. Nf3 Nge7 7. Bd3 Bd7 8. Nc3 Rc8 9. 0-0 Ng6 10. Bg5 Qb6 11. Na4 Qa5 12. Bd2 Nb4 13. a3 Bxa4 14. axb4 Bxd1 15. bxa5 Bxf3 16. Bb5+ Kd8 17. gxf3 a6 18. Ba4 Ne7 19. Rfc1 Nc6 20. Bc3 Be7 21. f4 g6 22. Kf1 Rc7 23. Ke2 Kc8 24. Kd2 Kb8 25. Bd1 Rhc8 26. Ra4 Bf8 27. h4 h5 28. Bf3 Bh6 29. Ke3 Ne7 30. Kd3 Bxf4 31. Rb1 Rc4 32. Rxc4 Rxc4 33. b3 Rc8 34. Bb4 Nf5 35. Bc5 Bxe5 36. Rc1 Bxd4 37. Bxd4 Rxc1 38. Bf6 Kc8 39. Bg5 Ra1 40. Bd2 Nxh4 41. Be2 Ra2 42. Bd1 e5 43. Bc3 d4 44. Bb4 Rxf2 45. Ke4 f6 46. Bc5 Rf4+ 47. Kd5 Nf5 48. Be2 Kd7 49. Bb6 h4 0-1

[Event "VEN-ch U17"]
[Site "Caracas"]
[Date "2019.08.08"]
[Round "3"]
[White "Ramirez Gonzalez, Angel David"]
[Black "Rodil Fermin, Leonardo Enrique"]
[Result "1-0"]
[WhiteElo "1896"]
[BlackElo "1771"]
[PlyCount "87"]
[EventDate "2019.08.07"]
[EventType "swiss"]
[EventRounds "9"]
[EventCountry "VEN"]
[SourceTitle "EXT 2020"]
[Source "ChessBase"]
[SourceDate "2019.10.17"]
[SourceVersion "1"]
[SourceVersionDate "2019.10.17"]
[SourceQuality "1"]

1. e4 e5 2. Nf3 Nc6 3. Bc4 Nf6 4. d3 Bc5 5. 0-0 d6 6. c3 Bg4 7. b4 Bb6 8. a4 a5 9. b5 Nb8 10. Be3 Nbd7 11. Nbd2 0-0 12. Qb3 h6 13. h3 Bxf3 14. Nxf3 Nh5 15. Bxb6 Nxb6 16. d4 Nxc4 17. Qxc4 Re8 18. dxe5 dxe5 19. Rad1 Qf6 20. Qxc7 Rac8 21. Qxb7 Nf4 22. Qd7 Ne2+ 23. Kh1 Nxc3 24. Rc1 Rcd8 25. Qc6 Nxa4 26. Qxf6 gxf6 27. Rc6 Re6 28. Rfc1 Rb8 29. R6c4 Nb2 30. Rc8+ Rxc8 31. Rxc8+ Kg7 32. Rb8 Nc4 33. Nh4 a4 34. Nf5+ Kh7 35. Ra8 a3 36. Ra7 Kg6 37. Ra4 Nd2 38. f3 Rb6 39. Rxa3 Rxb5 40. Kg1 Rb6 41. Ra8 Rb7 42. Rh8 Kg5 43. Rxh6 Rb6 44. Kf2 1-0

[Event "Caracas FVA 80th Ann"]
[Site "Caracas"]
[Date "2015.12.18"]
[Round "6"]
[White "Ramirez Gonzalez, Angel David"]
[Black "Nascimiento Martin, Jose Alberto"]
[Result "1/2-1/2"]
[WhiteElo "1549"]
[BlackElo "1818"]
[PlyCount "95"]
[EventDate "2015.12.16"]
[EventType "swiss"]
[EventRounds "8"]
[EventCountry "VEN"]
[SourceTitle "EXT 2018"]
[Source "ChessBase"]
[SourceDate "2017.10.13"]
[SourceVersion "1"]
[SourceVersionDate "2017.10.13"]
[SourceQuality "1"]

1. d4 d5 2. Nf3 e6 3. e3 Nf6 4. Bd3 Be7 5. 0-0 0-0 6. Nbd2 Nbd7 7. c3 b6 8. e4 dxe4 9. Nxe4 Bb7 10. Qc2 Bxe4 11. Bxe4 Nxe4 12. Qxe4 Nf6 13. Qc2 c5 14. dxc5 Bxc5 15. Bg5 Be7 16. Rad1 Qc7 17. Rfe1 h6 18. Bh4 Rfd8 19. Qa4 Rxd1 20. Rxd1 Rd8 21. h3 Rxd1+ 22. Qxd1 Qc4 23. a3 Qd5 24. Qxd5 Nxd5 25. Bxe7 Nxe7 26. Kf1 Nd5 27. g3 Kf8 28. c4 Nf6 29. Ne5 Ne4 30. Ke2 Nc5 31. b4 Ne4 32. b5 Nc5 33. Nc6 a5 34. bxa6 Nxa6 35. Na7 Nb8 36. Nc8 Nd7 37. Kd3 Ke8 38. Kc3 Kd8 39. Nd6 f6 40. Kb4 g6 41. Nf7+ Kc7 42. Nxh6 Nc5 43. f3 Nd3+ 44. Kc3 Nf2 45. Ng4 Nxh3 46. Nxf6 Ng5 47. f4 Nf3 48. Kb4 1/2-1/2

[Event "Caracas FVA 80th Ann"]
[Site "Caracas"]
[Date "2015.12.17"]
[Round "3"]
[White "Tortoza Lopez, Alexis"]
[Black "Ramirez Gonzalez, Angel David"]
[Result "0-1"]
[WhiteElo "1892"]
[BlackElo "1549"]
[PlyCount "36"]
[EventDate "2015.12.16"]
[EventType "swiss"]
[EventRounds "8"]
[EventCountry "VEN"]
[SourceTitle "EXT 2018"]
[Source "ChessBase"]
[SourceDate "2017.10.13"]
[SourceVersion "1"]
[SourceVersionDate "2017.10.13"]
[SourceQuality "1"]

1. e4 e6 2. d3 d5 3. Nd2 Nf6 4. Ngf3 Be7 5. b3 c5 6. Bb2 Nc6 7. g4 e5 8. h3 d4 9. Nc4 Nd7 10. Qd2 b5 11. Na3 a6 12. Be2 Nf8 13. g5 Ne6 14. h4 Nf4 15. Nxe5 Nxe5 16. Qxf4 Bd6 17. 0-0-0 Nxd3+ 18. Bxd3 Bxf4+ 0-1